000 00632nam a2200229Ia 4500
003 OSt
005 20220927104423.0
006 a|||||r|||| 00| 0
007 ta
008 220926b |||||||| |||| 00| 0 eng d
024 _a147863
037 _cReference Collections
040 _aRTL
_cRTL
_beng
041 _2eng
_aeng
082 _a"X:31, H7/TD"
110 _aUNITED NATIONS ORGANISATION
_9365618
245 0 _aMeasurement of national income and the constructio
260 _c1947
700 _aUNITED NATIONS ORGANISATION
_9365619
942 _h"X:31, H7/TD"
_cCC
999 _c687248
_d687248